En torno a la manipulacion del hombre

Saved in:
Bibliographic Details
Format: Book
Language:Spanish
Published: Madrid Centro de Estudios Sociales del Valle de los Caídos 1987
Series:Anales de Moral Social y Económica, 45
Subjects:
Tags: Add Tag
No Tags, Be the first to tag this record!

MARC

LEADER 00000nam a2200000 a 4500
001 UCW8075
003 CL-VaPUC
008 880504e19870000SP |||||||||||||||||spa|d
082 0 4 |a 364.174  |b ENT  |2 21 
245 1 0 |a En torno a la manipulacion del hombre 
300 |a v 
942 |c BK 
945 |d 19880504 00:00:00  |a aalvarez 
260 |a Madrid  |b Centro de Estudios Sociales del Valle de los Caídos  |c 1987 
650 7 |a PORNOGRAFIA  |2 CL-VaPUC  |9 255611 
650 7 |a EROTISMO  |2 CL-VaPUC  |9 313188 
583 |a last modification  |c 19880504 00:00:00  |k Rodrigo Vera 
490 0 |a Anales de Moral Social y Económica, 45 
999 |c 220564  |d 220562 
952 |0 0  |1 0  |4 0  |6 364_174000000000000_ENT_1987  |7 0  |8 A  |9 212989  |a BIBTEO  |b BIBTEO  |d 2019-11-15  |h v.2  |i 2812797  |o 364.174 ENT 1987  |p 2812797  |r 2025-01-17  |w 2019-11-15  |y BK  |k ICR